000 00725nam a2200217Ii 4500
003 JO-AjNU
008 230605s9999||||xx |||||||||||||| ||und||
017 _a19904
020 _a977-368-128-9
040 _aJO-AjNU
_bara
_erda
_cJO-AjNU
041 _aara
050 1 4 _aQA276 2011
100 3 _aاسماعيل ، سعيد السيد علي,
_eauthor
_932795
245 0 0 _aمبادئ الاحصاء الوصفي والتطبيقي
264 3 1 _aالقاهرة:مؤسسة حورس الدولية، 2011
300 _a362ص
336 _atext
_btxt
_2rdacontent
337 _aunmediated
_bn
_2rdamedia
338 _avolume
_bnc
_2rdacarrier
650 4 _aالاحصاء الوصفي- الاحصاء التطبيقي
_932796
999 _aA13280
_c16848
_d16848